Out of Africa [DVD/videorecording] / a Mirage ... Read More
Available copies
- 1 of 1 copy available at LARL/NWRL Consortium.
Current holds
0 current holds with 1 total copy.
Show Only Available Copies
| Location | Call Number / Copy Notes | Barcode | Shelving Location | Status | Due Date |
|---|---|---|---|---|---|
| Warroad Public Library | DVD OUT (Text) | 35500005327448 | Main | Available | - |
Record details
- ISBN: 0783240171
- Physical Description: 1 videodisc (161 min.) : sd., col. ; 4 3/4 in.
- Edition: Collector's ed.
- Publisher: Universal City, CA : Universal Studios, 2000
Content descriptions
| General Note: | Based on the life of writer Isak Dinesen. Based on the books: Out of Africa ; Shadows on the grass ; Letters from Africa / by Isak Dinesen. ... Read More Originally released as a motion picture in 1985. Special features: Song of Africa : an original documentary; Feature commentary with director Sydney ... Read More |
| Creation/Production Credits Note: | Director of photography, David Watkin; music, John ... Read More |
| Participant or Performer Note: | Cast: Robert Redford, Meryl Streep, Klaus Maria ... Read More |
| Summary, etc.: | The true story of Karen Blixen, a strong-willed ... Read More |
| Target Audience Note: | Rated PG. |
| System Details Note: | DVD; Dolby digital 4.1 surround or 2.0 stereo; ... Read More |
| Language Note: | In English with optional soundrack in French; ... Read More |
| Awards Note: | Winner of 7 Academy Awards, including Best ... Read More |
Search for related items by subject
| Genre: | Feature films. Video recordings for the hearing impaired. DVDs. |
| LDR | 03297cgm a2200673Ia 4500 | ||
|---|---|---|---|
| 001 | 43773 | ||
| 003 | LARL_NWRL_CONSORTIUM | ||
| 005 | 20020725072740.0 | ||
| 007 | vd cgaizk | ||
| 008 | 010802p20001985cau161 g vleng d | ||
| 019 | . | ‡a43702588 | |
| 020 | . | ‡a0783240171 | |
| 024 | 1 | . | ‡a025192025020 |
| 028 | 4 | 0. | ‡a20250 ‡bUniversal |
| 035 | . | ‡a(OCoLC)47699599 | |
| 040 | . | ‡aLVL ‡cLVL ‡dTMS ‡dJFL ‡dOCLCQ | |
| 041 | 1 | . | ‡aengfre ‡beng ‡heng |
| 090 | . | ‡aPN1997 ‡b.O9763 2000 | |
| 092 | 0 | . | ‡a967.62/03 ‡221 |
| 099 | . | ‡aOut | |
| 245 | 0 | 0. | ‡aOut of Africa ‡h[DVD/videorecording] / ‡ca Mirage production ; a Universal picture ; screenplay by Kurt Luedtke ; produced and directed by Sydney Pollack. |
| 250 | . | ‡aCollector's ed. | |
| 260 | . | ‡aUniversal City, CA : ‡bUniversal Studios, ‡c2000 | |
| 300 | . | ‡a1 videodisc (161 min.) : ‡bsd., col. ; ‡c4 3/4 in. | |
| 538 | . | ‡aDVD; Dolby digital 4.1 surround or 2.0 stereo; anamorphic widescreen (1.85:1). | |
| 546 | . | ‡aIn English with optional soundrack in French; closed-captioned in English for the hearing impaired. | |
| 511 | 0 | . | ‡aCast: Robert Redford, Meryl Streep, Klaus Maria Brandauer. |
| 508 | . | ‡aDirector of photography, David Watkin; music, John Barry; co-producer, Terence Clegg. | |
| 500 | . | ‡aBased on the life of writer Isak Dinesen. | |
| 500 | . | ‡aBased on the books: Out of Africa ; Shadows on the grass ; Letters from Africa / by Isak Dinesen. Isak Dinesen, the life of a storyteller / by Judith Thurman. Silence will speak / by Errol Trzebinski. | |
| 500 | . | ‡aOriginally released as a motion picture in 1985. | |
| 521 | 8 | . | ‡aRated PG. |
| 520 | . | ‡aThe true story of Karen Blixen, a strong-willed woman who runs a coffee plantation in Kenya in 1914. | |
| 500 | . | ‡aSpecial features: Song of Africa : an original documentary; Feature commentary with director Sydney Pollack; Production notes; Cast & filmmakers; Theatrical trailer; Universal WEB links. | |
| 586 | 8 | . | ‡aWinner of 7 Academy Awards, including Best Picture. |
| 600 | 1 | 0. | ‡aDinesen, Isak, ‡d1885-1962 ‡vDrama. |
| 600 | 1 | 0. | ‡aBlixen, Karen, ‡d1885-1962 ‡vDrama. |
| 650 | 0. | ‡aAuthors, Danish ‡y20th century ‡vDrama. | |
| 651 | 0. | ‡aKenya ‡xSocial life and customs ‡y1895-1963 ‡vDrama. | |
| 650 | 0. | ‡aCountry life ‡zKenya ‡vDrama. | |
| 651 | 0. | ‡aKenya ‡xDescription and travel. ‡0(LARL_NWRL_CONSORTIUM)24014 | |
| 655 | 0. | ‡aFeature films. ‡0(LARL_NWRL_CONSORTIUM)175625 | |
| 655 | 0. | ‡aVideo recordings for the hearing impaired. ‡0(LARL_NWRL_CONSORTIUM)175744 | |
| 655 | 0. | ‡aDVDs. | |
| 700 | 1 | . | ‡aPollack, Sydney, ‡d1934-2008. ‡0(LARL_NWRL_CONSORTIUM)66447 |
| 700 | 1 | . | ‡aRedford, Robert. ‡0(LARL_NWRL_CONSORTIUM)4982 |
| 700 | 1 | . | ‡aStreep, Meryl. ‡0(LARL_NWRL_CONSORTIUM)67436 |
| 700 | 1 | . | ‡aBrandauer, Klaus Maria. ‡0(LARL_NWRL_CONSORTIUM)94055 |
| 700 | 1 | . | ‡aDinesen, Isak, ‡d1885-1962. ‡tShadows on the grass. |
| 700 | 1 | . | ‡aDinesen, Isak, ‡d1885-1962. ‡tBreve fra Afrika. |
| 700 | 1 | . | ‡aThurman, Judith, ‡d1946- ‡tIsak Dinesen, the life of a storyteller. |
| 700 | 1 | . | ‡aTrzebinski, Errol, ‡d1936- ‡tSilence will speak. |
| 710 | 2 | . | ‡aMirage Productions. ‡0(LARL_NWRL_CONSORTIUM)76663 |
| 710 | 2 | . | ‡aUniversal Pictures (Firm) ‡0(LARL_NWRL_CONSORTIUM)76903 |
| 901 | . | ‡a43773 ‡bOCLC ‡c43773 ‡tbiblio | |

Add to basket
Permalink
Disable Highlighting